000 00521pab a2200181 454500
008 180718b2009 xxu||||| |||| 00| 0 eng d
100 _aOgwumik, Fidelis O.
245 _aRemittances and economic development in Sub-Saharan Africa
260 _c2009
300 _ap.1-21.
362 _aJul
650 _aEconomic and social development - Sub Saharan Africa
650 _aEconomic and social development
700 _aOlubiyi, Ebenezer A.
773 _aIndian Journal of Economics
908 _aN
909 _a86002
999 _c86002
_d86002